Календарные обряды и обрядовая поэзия Воронежской области (Запись № 862268)

Подробности
000 -МАРКЕР
контрольное поле 02181nam0a2200361 4500
001 - ИДЕНТИФИКАТОР ЗАПИСИ
контрольное поле RU\NLR\bibl\1061021
005 - ИДЕНТИФИКАТОР ВЕРСИИ
контрольное поле 20260407082748.0
010 ## - МЕЖДУНАРОДНЫЙ СТАНДАРТНЫЙ НОМЕР КНИГИ (ISBN)
Номер (ISBN) 5-86937-001-9
Тираж 100
021 ## - НОМЕР ГОСУДАРСТВЕННОЙ РЕГИСТРАЦИИ
Код страны Российская Федерация
Номер 2007-6701
Номер Листа государственной регистраци 357
035 ## - ДРУГИЕ СИСТЕМНЫЕ НОМЕРА
Идентификатор записи (NLR Aleph) 001048293
100 ## - ДАННЫЕ ОБЩЕЙ ОБРАБОТКИ
Данные общей обработки 20070319d2005 |||y0rusy50 ca
101 0# - ЯЗЫК РЕСУРСА
Язык текста, звукозаписи и т.д. русский
102 ## - СТРАНА ПУБЛИКАЦИИ ИЛИ ПРОИЗВОДСТВА
Страна публикации Российская Федерация
105 ## - ПОЛЕ КОДИРОВАННЫХ ДАННЫХ: ТЕКСТОВЫЕ МАТЕРИАЛЫ, МОНОГРАФИЧЕСКИЕ
Кодированные данные о монографическом текстовом документе a |||||||||
200 1# - ЗАГЛАВИЕ И СВЕДЕНИЯ ОБ ОТВЕТСТВЕННОСТИ
Основное заглавие Календарные обряды и обрядовая поэзия Воронежской области
Сведения, относящиеся к заглавию [сборник]
Первые сведения об ответственности Воронеж. гос. ун-т, Филол. фак., Каф. теории лит. и фольклора, Лаб. нар. культуры им. проф. С.Г. Лазутина, Воронеж. гос. акад. искусств, Каф. этномузыкологии, Каб. нар. музыки
Последующие сведения об ответственности [сост. доц. Пухова Т.Ф., Христова Г.П.
-- науч. ред. проф. Ковалев Г.Ф.]
210 ## - ПУБЛИКАЦИЯ, РАСПРОСТРАНЕНИЕ И ДР.
Место издания, распространения и т.д. Воронеж
Имя издателя, распространителя и т. д. Воронежский государственный университет
Дата издания, распространения и т.д. 2005
215 ## - ФИЗИЧЕСКАЯ ХАРАКТЕРИСТИКА
Специфическое обозначение материала и объем 246 с.
Размеры 29
225 1# - СЕРИЯ
Основное заглавие серии Афанасьевский сборник
Сведения, относящиеся к заглавию материалы и исследования
Обозначение тома вып. 3
320 ## - ПРИМЕЧАНИЯ О НАЛИЧИИ В ДОКУМЕНТЕ БИБЛИОГРАФИИ / УКАЗАТЕЛЯ
Текст примечания Библиогр. в подстроч. прим.
606 1# - НАИМЕНОВАНИЕ ТЕМЫ КАК ПРЕДМЕТ
Наименование темы Обрядовая поэзия русская
Географический подзаголовок Воронежская область
Системный номер авторитетной/нормативной записи 2528151
Идентификатор авторитетной/нормативной записи RU\NLR\auth\661497660
606 1# - НАИМЕНОВАНИЕ ТЕМЫ КАК ПРЕДМЕТ
Наименование темы Обычаи и обряды календарные
Формальный подзаголовок Сборники
Географический подзаголовок Воронежская область
Системный номер авторитетной/нормативной записи 2527833
Идентификатор авторитетной/нормативной записи RU\NLR\auth\661497480
686 ## - ИНДЕКСЫ ДРУГИХ КЛАССИФИКАЦИЙ
Индекс Ш3(2=1Р)-633.0-99
686 ## - ИНДЕКСЫ ДРУГИХ КЛАССИФИКАЦИЙ
Индекс Т3(2Р345-4Вр)-524.1я43
702 #1 - ИМЯ ЛИЦА - ВТОРИЧНАЯ ОТВЕТСТВЕННОСТЬ
Код отношения Редактор
Материалы, к которым относится поле rus
Графика поля Кириллица
Начальный элемент ввода Ковалев
Часть имени, кроме начального элемента ввода Г. Ф.
Дополнения к именам, кроме дат д-р филол. наук
Даты 1943-
Расширение инициалов личного имени Геннадий Филиппович
Идентификатор авторитетной/нормативной записи RU\NLR\auth\7728940
Системный номер авторитетной/нормативной записи 11969
702 #1 - ИМЯ ЛИЦА - ВТОРИЧНАЯ ОТВЕТСТВЕННОСТЬ
Начальный элемент ввода Пухова
Часть имени, кроме начального элемента ввода Т. Ф.
Код отношения Составитель
712 02 - НАИМЕНОВАНИЕ ОРГАНИЗАЦИИ - ВТОРИЧНАЯ ОТВЕТСТВЕННОСТЬ
Код отношения Прочие
Начальный элемент ввода Лаборатория народной культуры им. С. Г. Лазутина
Идентифицирующий признак Воронеж
Идентификатор авторитетной/нормативной записи RU\NLR\AUTH\8810043515
Системный номер авторитетной/нормативной записи 586545
801 #0 - ИСТОЧНИК ЗАПИСИ
Страна Российская Федерация
Организация NLR
Дата составления 20070319
Правила каталогизации RCR
801 #1 - ИСТОЧНИК ЗАПИСИ
Страна Российская Федерация
Организация NLR
Дата составления 20070319
942 ## - ДОПОЛНИТЕЛЬНЫЕ ЭЛЕМЕНТЫ ЗАПИСИ (АБИС)
Тип экземпляра АБИС Книга
980 ## - КОЛЛЕКЦИЯ
Название коллекции Национальная библиография
Экземпляры
Тип экземпляра Дата поступления Источник поступления Библиотека постоянного хранения Библиотека текущего хранения Место хранения Шифр хранения Штрих-код Статус экземпляра
Книга 19.03.2007 Обязательный экземпляр РНБ (Московский) РНБ (Московский) Русский книжный фонд: издания с 1957 года 2007-8/947 2390086  
Книга 19.03.2007 Обязательный экземпляр РНБ (Московский) РНБ (Московский) Русский книжный фонд: издания с 1957 года 2007-8/947 2390089